00410nam a22001457a 450000500170000000800410001702200130005804100230007108200130009410000230010724500310013026000460016130000310020765000260023820240722061115.0240722b |||||||| |||| 00| 0 eng d a00382396 aEnglish/Afrikaans  a349 SOU  lEnglish/Afrikaans  aSouth African Law Reports  aCape Town: bJuta and Company Ltd, c1998 bxcvi, 986 pages; c26 cm.  aLegal practice bLaw